| 000 | 00432nam a2200157Ia 4500 | ||
|---|---|---|---|
| 008 | 251222s2013 xx 000 0 und d | ||
| 020 | _a9789395736046 | ||
| 041 | _aeng | ||
| 082 | _a519.KEL | ||
| 100 | _aKellar, Stacey Plichta, and Kelvin, Elizabeth A. | ||
| 245 | _aMunros statistical methods for health care research | ||
| 250 | _a6th ed | ||
| 260 |
_aNew Delhi _bWolters Kluwer _c2013 |
||
| 300 | _a563p | ||
| 650 | _aResearch | ||
| 999 |
_c65005 _d65005 |
||